Normal view
MARC view
Entry Topical Term
001 - CONTROL NUMBER
- control field: 10696
003 - CONTROL NUMBER IDENTIFIER
- control field: BD-RjUL
005 - DATE AND TIME OF LATEST TRANSACTION
- control field: 20231226112743.0
008 - FIXED-LENGTH DATA ELEMENTS
- fixed length control field: 231226|| aca||aabn | a|a d
040 ## - CATALOGING SOURCE
- Original cataloging agency: BD-RjUL
- Transcribing agency: BD-RjUL
150 ## - HEADING--TOPICAL TERM
- Topical term or geographic name entry element: বাণিজ্যিক আইন এবং শিল্প আইন
670 ## - SOURCE DATA FOUND
- Source citation: Work cat.: (BD-RjUL)82540: সেন, অরুনকুমার 10695, বাণিজ্যিক ও শিল্প আইন / , ১৯৭৩